Quiz de Trinidad e Tobago - Statistics

Estatísticas Gerais
  • Esse quiz foi jogado 416 vezes
  • A pontuação média é 9 de 15
Estatísticas das Respostas
Dica Resposta % Correto
Língua oficial Inglês
95%
Mar que faz fronteira com Trinidad e Tobago Caribe
89%
País mais próximo Venezuela
88%
Moeda oficial Dólar
85%
Grupo de ilhas onde Trinidad e Tobago faz parte Pequenas {Antilhas}
78%
Capital Port-of-Spain
78%
Primeiro europeu a chegar na ilha de Trinidad Cristóvão Colombo
76%
Celebração realizada por dois dias antes da Quarta-feira de Cinzas Carnaval
64%
Exportação mais importante Gás natural
53%
147.000 pessoas deste país foram trazidas para Trinidad como servos contratados de 1845 a 1917 Índia
49%
Rapper feminina que gravou "Starships" e "Super Bass" Nicki Minaj
49%
Cidade mítica que Walter Raleigh procurava em 1595 Eldorado
37%
Maior cidade {Chag}uanas
24%
Atividade de Trinidad que descobre "o quão baixo você pode ir" Limbo
22%
Maior cidade em Tobago Scarborough
20%
Nenhum quiz correspondente encontrado
Distribuição das Pontuações
Porcentagem de Pessoas com Cada Pontuação
Percentil de Números Respondidos
Sua Pontuação Histórica
Você não jogou esse quiz